000 00551nam a2200193 i 4500
001 24469
003 ES-MaACL
007 t|
008 021217s1954 sp ||||1| spa d
100 1 _aAndresco, Victor.
_9181483
245 1 0 _aHistoria del "ballet" ruso /
_cVíctor Andresco.
250 _a[1ª ed.].
260 _aMadrid :
_bAlhambra,
_c[1954] (
_fSèz)
300 _a256 p., 24 lám. ;
_c19 cm.
490 1 _aEnciclopedia Alhambra
830 0 _aEnciclopedia Alhambra
_9183617
852 _aES-MaACL
_jC-6486
_bR.35722
999 _c24469
_d24469